000 01343nam a2200265 i 4500
003 DO-SdBNP
005 20250414145220.0
007 ta
008 250414b |||||||| |||| 00| 0 eng d
020 _a9789945223897
040 _aDO-SdBNP
_bspa
_cBNPHU
_erda
041 _aspa
082 4 _axxx
_bS211e
_222
100 _aSánchez, Norys,
_eautor
_4aut.
_961611
245 1 0 _aEternamente Oliver /
_cnorys Sánchez
264 _aSanto Domingo :
_bEditora Búho,
_c2024
300 _a117 páginas :
_bilustraciones, retratos ;
_c23 cm.
336 _atexto
_btxt
_2rdacontent
337 _asin mediación
_bn
_2rdamedia
338 _avolumen
_bnc
_2rdacarrier
505 _aPrólogo, 17. --introducción, 19. --Jackie, 31. --Tiffany, 35. --La llegada de Oliver, 37. --Su desarrollo, 45. --Sus hábitos, 49. --La oficina, su territorio, 55. --De acuerdo en todo, 61. --Regalo de la vida, 63. --No socializaba con sus congéneres, 65. -- Oliver en su rol de terapeuta, 69. --Vivir con Oliver, 71. --Una bolita en su costado, 75. --Segunda opinión, 81. --Difícil decisión, 83. --Su Afrontando su partida, 97. --El vació, 99. --Entre las nubes, 105. --Puente del Arco Iris, 109. --Asignatura pendiente: Alimento procesado, 111. --Ante de asumir la responsabilidad,115.
590 _aInventariado, 2025 /LP
910 _aLP
942 _2ddc
_cLBS1
999 _c58724
_d58724